LIBRARY ONLINE CATALOGUE

The Right questions : (Record no. 5029)

MARC details
000 -LEADER
fixed length control field 00683nam a22002172 4500
001 - CONTROL NUMBER
control field 0000001019
005 - DATE AND TIME OF LATEST TRANSACTION
control field 20151217151803.0
008 - FIXED-LENGTH DATA ELEMENTS--GENERAL INFORMATION
fixed length control field 070223s xx 000 0 eng d
020 ## - INTERNATIONAL STANDARD BOOK NUMBER
International Standard Book Number 0830822941 :
Terms of availability KES 350
040 ## - CATALOGING SOURCE
Original cataloging agency KABU
Transcribing agency KABU
050 #0 - LIBRARY OF CONGRESS CALL NUMBER
Classification number BT1200
Item number .J64
100 1# - MAIN ENTRY--PERSONAL NAME
Personal name Johnson, Philip E.
-- 0000149511
245 14 - TITLE STATEMENT
Title The Right questions :
Remainder of title truth, meaning and public debate /
Statement of responsibility, etc. Philip E. Johnson.
260 ## - PUBLICATION, DISTRIBUTION, ETC. (IMPRINT)
Place of publication, distribution, etc. Downers Grove, Ill. :
Name of publisher, distributor, etc. Inter Varsity Press,
Date of publication, distribution, etc. 2002.
300 ## - PHYSICAL DESCRIPTION
Extent 191 p.
650 #0 - SUBJECT ADDED ENTRY--TOPICAL TERM
Topical term or geographic name as entry element Apologetics.
-- 0000149151
650 #0 - SUBJECT ADDED ENTRY--TOPICAL TERM
Topical term or geographic name as entry element Naturalism
General subdivision Religious aspects.
-- 0000149512
908 ## - PUT COMMAND PARAMETER (RLIN)
Put command parameter 070223
950 ## - LOCAL HOLDINGS (RLIN)
-- 1
Holdings
Withdrawn status Lost status Source of classification or shelving scheme Not for loan Home library Current library Date acquired Total Checkouts Full call number Barcode Date last seen Price effective from Koha item type
    Library of Congress Classification   Kabarak, Main Campus Kabarak, Main Campus 17/12/2015   BT1200 .J64 000438 02/08/2024 17/12/2015 General Collection